000 01056nam a2200253 a 4500
001 000031980
003 OSt
005 20221018102753.0
008 110707s195? dr r 000 0 spa d
040 _aDO-SdBNP
_bspa
_cBNPHU
082 4 _a921.683
_bV161do
_222
100 1 _aValenzuela, Victor M.
_958141
_d1920-
245 1 0 _aDos pensadores Chilenos :
_bJorge Millas y Waldo Ross /
_cVictor M. Valenzuela.
260 _a[Puerto Rico] ;
_c[195?].
300 _a16 p. ;
_c23 cm.
500 _aEste estudio fue publicado por la Revista Asomante de la Asociación de Graduadas de la Universidad de Puerto Rico, San Juan P. R., no. 3-1955. Se reproduce aquí para uso de los estudiantes de la cátedra de Filosofía Latino Americana de la Universidad de Santo Domingo.
504 _aBibliografía : p. 16
590 _aInventariado, 2018/LP
600 1 4 _a Millas, Jorge,
_d1919-1982.
_977322
600 1 4 _aRoss, Waldo,
_d1926-
_973560
650 4 _aFilósofos chilenos
_ySiglo XX
_977323
910 _aValidado. Control de calidad MFF
942 _2ddc
_cLBS1
999 _c31471
_d31471